|
|
|
|
| LEADER |
01477nam a2200373Ia 4500 |
| 001 |
EBC289891 |
| 003 |
MiAaPQ |
| 005 |
20200520144314.0 |
| 006 |
m o d | |
| 007 |
cr cn||||||||| |
| 008 |
041018s2004 enk gsb 000 0 eng d |
| 020 |
|
|
|z 0861769872
|
| 035 |
|
|
|a (MiAaPQ)EBC289891
|
| 035 |
|
|
|a (Au-PeEL)EBL289891
|
| 035 |
|
|
|a (CaPaEBR)ebr10064571
|
| 035 |
|
|
|a (CaONFJC)MIL51526
|
| 035 |
|
|
|a (OCoLC)70727403
|
| 040 |
|
|
|a MiAaPQ
|c MiAaPQ
|d MiAaPQ
|
| 050 |
|
4 |
|a HD58.7
|b .S63 2004
|
| 245 |
0 |
4 |
|a The sociology of objects
|h [electronic resource] :
|b rediscovering the importance of objects in organizational life /
|c guest editors, Alexis Downs and Rouven Hagemeijer.
|
| 260 |
|
|
|a [Bradford, England] :
|b Emerald Group Pub.,
|c 2004.
|
| 300 |
|
|
|a p. 184-227.
|
| 490 |
1 |
|
|a Journal of organizational change management ;
|v v. 17, no. 4, 2004
|
| 504 |
|
|
|a Includes bibliographical references.
|
| 533 |
|
|
|a Electronic reproduction. Ann Arbor, MI : ProQuest, 2015. Available via World Wide Web. Access may be limited to ProQuest affiliated libraries.
|
| 650 |
|
0 |
|a Organizational behavior.
|
| 650 |
|
0 |
|a Social psychology.
|
| 650 |
|
0 |
|a Management.
|
| 655 |
|
4 |
|a Electronic books.
|
| 700 |
1 |
|
|a Downs, Alexis.
|
| 700 |
1 |
|
|a Hagemeijer, Rouven.
|
| 710 |
2 |
|
|a ProQuest (Firm)
|
| 830 |
|
0 |
|a Journal of organizational change management ;
|v v. 17, no. 4, 2004.
|
| 856 |
4 |
0 |
|u https://ebookcentral.proquest.com/lib/matrademy/detail.action?docID=289891
|z Click to View
|